Central Library OPAC University of Rajshahi

Robinson Crusoe / (Record no. 21017)

MARC details
000 -LEADER
fixed length control field 00788nam a2200241I 4500
001 - CONTROL NUMBER
control field 21017
003 - CONTROL NUMBER IDENTIFIER
rucl marc code OCoLC
005 - DATE AND TIME OF LATEST TRANSACTION
control field 20211209000635.0
008 - FIXED-LENGTH DATA ELEMENTS--GENERAL INFORMATION
fixed length control field 140303s1959 nyua 000 1 eng d
035 ## - SYSTEM CONTROL NUMBER
System control number (BD-RjUL)21079
040 ## - CATALOGING SOURCE
Original cataloging agency TXD
Transcribing agency TXD
Modifying agency BOS
-- BD-RjUL
Language of cataloging eng
041 ## - LANGUAGE CODE
Language code of text/sound track or separate title eng
082 ## - DEWEY DECIMAL CLASSIFICATION NUMBER
Classification number 823.5
Author mark and year DER 1959
090 ## - LOCALLY ASSIGNED LC-TYPE CALL NUMBER (OCLC); LOCAL CALL NUMBER (OCLC)
Classification number (OCLC) (R) ; Classification number, CALL (RLIN) (NR) PR3403
Local cutter number (OCLC) ; Book number/undivided call number, CALL (RLIN) .A1 1957b
100 1# - MAIN ENTRY--PERSONAL NAME
Personal name Defoe, Daniel,
Dates associated with a name 1661?-1731.
9 (RLIN) 64944
245 10 - TITLE STATEMENT
Title Robinson Crusoe /
Statement of responsibility, etc. by Daniel Defoe, Robert Trumbull and edited by Stanley Rodman.
260 ## - PUBLICATION, DISTRIBUTION, ETC. (IMPRINT)
Place of publication, distribution, etc. New York,:
Name of publisher, distributor, etc. Irving Place,
Date of publication, distribution, etc. c1959.
300 ## - PHYSICAL DESCRIPTION
Pagination xxix, 609 p. :
Illustrations illus. ;
Size 20 cm.
490 1# - SERIES STATEMENT
Series statement Noble's comparative classics
650 #0 - SUBJECT ADDED ENTRY--TOPICAL TERM
Topical term or geographic name as entry element Crusoe, Robinson (Fictitious character)
General subdivision Fiction.
9 (RLIN) 64945
700 1# - ADDED ENTRY--PERSONAL NAME
Personal name Trumbull, Robert.
Dates associated with a name 1902-1979.
942 ## - ADDED ENTRY ELEMENTS (KOHA)
Source of classification or shelving scheme Dewey Decimal Classification
Koha item type Books
Holdings
Lost status Source of classification or shelving scheme Damaged status Not for loan Collection code Permanent Location Current Location Shelving location Date acquired Source of acquisition Total Checkouts Full call number Date last seen Copy number Koha item type
  Dewey Decimal Classification   Added to bundle Fiction Central Library, University of Rajshahi Central Library, University of Rajshahi Reading Room 30/06/1961 Asia foundation   823.5 DER 1959 03/03/2014 C-1 Books